STUDI SOCIALI. GIUGNO-LUGLIO 1985. (Record n. 323987)
[ formato base ]
| 000 -LEADER | |
|---|---|
| fixed length control field | 01919nas a2200277Ia 4500 |
| 001 - CONTROL NUMBER | |
| control field | R262-R5469 |
| 003 - CONTROL NUMBER IDENTIFIER | |
| control field | IT-CnALBA |
| 008 - FIXED-LENGTH DATA ELEMENTS--GENERAL INFORMATION | |
| fixed length control field | 170116c99999999xx |||||||||||| ||und|| |
| 040 ## - CATALOGING SOURCE | |
| Original cataloging agency | IT-CnALBA |
| Transcribing agency | IT-CnALBA |
| 041 ## - LANGUAGE CODE | |
| Language code of text/sound track or separate title | LATINO |
| 999 ## - SYSTEM CONTROL NUMBERS (KOHA) | |
| Koha Dewey Subclass [OBSOLETE] | NO |
| 100 ## - MAIN ENTRY--PERSONAL NAME | |
| Personal name | PIO XII, PAPA PACELLI EUGENIO. |
| 210 ## - ABBREVIATED TITLE | |
| Abbreviated title | STUDI SOCIALI |
| 222 ## - KEY TITLE | |
| Key title | STUDI SOCIALI |
| 245 #0 - TITLE STATEMENT | |
| Title | STUDI SOCIALI. GIUGNO-LUGLIO 1985. |
| 250 ## - EDITION STATEMENT | |
| Edition statement | 1a ed. |
| 260 ## - PUBLICATION, DISTRIBUTION, ETC. (IMPRINT) | |
| Place of publication, distribution, etc. | ROMAE |
| Name of publisher, distributor, etc. | TYPIS POLIGLOTTIS VATICANIS. |
| Date of publication, distribution, etc. | 1959 [1° Ed.:1959 - Ed.Ling.Originale: 1959] |
| 300 ## - PHYSICAL DESCRIPTION | |
| Extent | 1005 p. |
| 310 ## - CURRENT PUBLICATION FREQUENCY | |
| Current publication frequency | VARIABILE |
| 362 ## - DATES OF PUBLICATION AND/OR SEQUENTIAL DESIGNATION | |
| Dates of publication and/or sequential designation | Fascicolo: 1-18 / Anno: 51 (1959) |
| 500 ## - GENERAL NOTE | |
| General note | INDICE GENERALE. ATTI DI PIO XII. DELLE CONGREGAZIONI ROMANE. ATTI DEI TRIBUNALI, PENITENZIERIA APOSTOLICA. SACRA ROMANA ROTA. TRIBUNALE DEL VICARIATO DI ROMA. DIARIO DELLA CURIA ROMANA. UFFICI. UDIENZE SOLENNI, CONGREGAZIONE DEI RITI. SEGRETERIA STATO. DOCUMENTI IN ORDINE CRONOLOGICO. ATTI DI GIOVANNI XXIII. INDICE DEI NOMI DI PERSONA. DIOCESI E VICARIATI. ISTITUTI RELIGIOSI. ANALITICO DELLE COSE NOTEVOLI. LETTERA ENCICLICA "GRATA RECORDATIO" LETTERE APOSTOLICHE. PROCLAMAZIONE DI S. ISIDORO A PATRONO DELLA DIOCESI DI OMONIMA IN ARGENTINA. |
| 501 ## - WITH NOTE | |
| With note | Società San Paolo EM - Piazza San Paolo, 14 - 12051 ALBA (CN) (non commercial uses only) ® Copyright 2017 |
| 520 ## - SUMMARY, ETC. | |
| Summary, etc. | INDICE GENERALE. ATTI DI PIO XII. DELLE CONGREGAZIONI ROMANE. ATTI DEI TRIBUNALI, PENITENZIERIA APOSTOLICA. SACRA ROMANA ROTA. TRIBUNALE DEL VICARIATO DI ROMA. DIARIO DELLA CURIA ROMANA. UFFICI. UDIENZE SOLENNI, CONGREGAZIONE DEI RITI. SEGRETERIA STATO. DOCUMENTI IN ORDINE CRONOLOGICO. ATTI DI GIOVANNI XXIII. INDICE DEI NOMI DI PERSONA. DIOCESI E VICARIATI. ISTITUTI RELIGIOSI. ANALITICO DELLE COSE NOTEVOLI. LETTERA ENCICLICA "GRATA RECORDATIO" LETTERE APOSTOLICHE. PROCLAMAZIONE DI S. ISIDORO A PATRONO DELLA DIOCESI DI OMONIMA IN ARGENTINA. |
| 650 ## - SUBJECT ADDED ENTRY--TOPICAL TERM | |
| Topical term or geographic name as entry element | TEOLOGIA SOCIALE |
| 942 ## - ADDED ENTRY ELEMENTS (KOHA) | |
| Koha item type | RIVISTA |
| 957 ## - | |
| -- | 1 |
| 999 ## - SYSTEM CONTROL NUMBERS (KOHA) | |
| -- | 1 |
| Withdrawn status | Lost status | Damaged status | Not for loan | Home library | Current library | Date acquired | Total Checkouts | Full call number | Date last seen | Price effective from | Koha item type | Public note |
|---|---|---|---|---|---|---|---|---|---|---|---|---|
| Buone Condizioni | Not For Loan | ALBA - Biblioteca | ALBA - Biblioteca | 16/01/2017 | R262-R5469 | 16/01/2017 | 16/01/2017 | RIVISTA | (data import: 16 gennaio 2017) - By Epidotti, Vaglietti. |